banner koha

Mass-rearing of Mediterranean fruit fly using low-cost yeast products produced in Brazil (Registro n. 225023)

MARC details
000 -LÍDER
campo de controle de tamanho fixo 01147nas a2200385 4500
001 - NÚMERO DE CONTROLE
campo de controle BR2013000072
003 - IDENTIFICADOR DO NÚMERO DE CONTROLE
campo de controle BR-BrBNA
005 - DATA E HORÁRIO DA ÚLTIMA TRANSAÇÃO
campo de controle 20231205121737.0
007 - CAMPO FIXO DE DESCRIÇÃO FÍSICA--INFORMAÇÃO GERAL
campo de controle de tamanho fixo ta
008 - CAMPO DE DADOS FIXOS--INFORMAÇÃO GERAL
campo de controle de tamanho fixo 230509b bl.|||p| |||| 00| 00por d
040 ## - FONTE DA CATALOGAÇÃO
Instituição da catalogação original BR-BrBNA
Idioma da catalogação por
Instituição que transcreveu o registro Biblioteca Nacional de Agricultura
041 ## - CÓDIGO DE IDIOMA
Código do idioma do texto/trilha sonora ou título diferente (En)
072 ## - CÓDIGO DE CATEGORIA DE ASSUNTO
Código de Categoria de Assunto H10
100 1# - ENTRADA PRINCIPAL--NOME PESSOAL
Nome pessoal Silva Neto, A.M. da
100 1# - ENTRADA PRINCIPAL--NOME PESSOAL
Nome pessoal Santos, T.R. de O.
100 1# - ENTRADA PRINCIPAL--NOME PESSOAL
Nome pessoal Dias, V.S.
100 1# - ENTRADA PRINCIPAL--NOME PESSOAL
Nome pessoal Joachim-Bravo, I.S.
100 1# - ENTRADA PRINCIPAL--NOME PESSOAL
Nome pessoal Benevides, L. de J.
100 1# - ENTRADA PRINCIPAL--NOME PESSOAL
Nome pessoal Benevides, C.M. de J.
100 1# - ENTRADA PRINCIPAL--NOME PESSOAL
Nome pessoal Silva, M.V.L.
100 1# - ENTRADA PRINCIPAL--NOME PESSOAL
Nome pessoal Santos, D.C.C. dos
100 1# - ENTRADA PRINCIPAL--NOME PESSOAL
Nome pessoal Virgínio, J.
100 1# - ENTRADA PRINCIPAL--NOME PESSOAL
Nome pessoal Oliveira, G.B.
100 1# - ENTRADA PRINCIPAL--NOME PESSOAL
Nome pessoal Walder, J.M.M.
100 1# - ENTRADA PRINCIPAL--NOME PESSOAL
Nome pessoal Paranhos, B.A.
100 1# - ENTRADA PRINCIPAL--NOME PESSOAL
Nome pessoal Nascimento, A.S. do
245 1# - TÍTULO
Título Mass-rearing of Mediterranean fruit fly using low-cost yeast products produced in Brazil
650 ## - ASSUNTO--TERMO TÓPICO
Cabeçalho tópico ou nome geográfico MOSCA-DO-MEDITERRANEO
650 ## - ASSUNTO--TERMO TÓPICO
Cabeçalho tópico ou nome geográfico BIOLOGIA
650 ## - ASSUNTO--TERMO TÓPICO
Cabeçalho tópico ou nome geográfico DIETA
650 ## - ASSUNTO--TERMO TÓPICO
Cabeçalho tópico ou nome geográfico CONTROLE INTEGRADO
773 0# - ENTRADA ANALÍTICA
Título Scientia Agricola (Brazil)
ISSN - International Standard Serial Number ISSN 0103-9016
Partes relacionadas (Nov-Dec 2012), v. 69(6) p. 364-369
Número de controle do registro BR2013000072
909 ## -
-- 202311
-- Lúcia
-- 55
-- Lúcia Elande
942 ## - ELEMENTOS DE ENTRADA ADICIONADOS (KOHA)
Fonte da classificação ou esquema de arquivamento na estante Classificação AGRIS
Ocultar no OPAC Não
Tipo de material Koha Analítica
Exemplares
Situação do descarte Fonte da classificação ou esquema de arquivamento na estante Situação física Não pode ser emprestado Biblioteca de origem Biblioteca atual Localização na estante Enumeração do periódico / cronologia Total de empréstimos Data de último acesso Número do exemplar Tipo de material Koha Fonte de aquisição
  Classificação AGRIS   Consulta local Biblioteca Nacional de Agricultura - Binagri Biblioteca Nacional de Agricultura - Binagri   (Nov-Dec 2012), v. 69(6) p. 364-369   29/11/2023 01 Periódicos Portaria Interministerial nº 164/94

BINAGRI

Telefone: (61)3218-2567/2388/3357/2097 - binagri@agro.gov.br

Ministério da Agricultura e Pecuária , Esplanada dos Ministérios, Bloco D, Anexo B, Brasília/DF, CEP: 70.043-900